[Event "24th European Teams"]
[Site "Budva MNE"]
[Date "2023.11.11"]
[EventDate "2023.11.11"]
[Round "1.15"]
[Result "0-1"]
[White "Aleksandar Tomic"]
[Black "Maxim Rodshtein"]
[WhiteElo "2411"]
[BlackElo "2582"]
[PlyCount "138"]

1. d4 Nf6 2. Nf3 e6 3. e3 d5 4. Bd3 b6 5. O-O Bb7 6. c4 dxc4 7. Bxc4 a6 8.
Qe2 c5 9. Rd1 Qc7 10. Nc3 b5 11. Bb3 Nc6 12. d5 exd5 13. e4 d4 14. e5 O-O-O
15. exf6 dxc3 16. Rxd8+ Nxd8 17. bxc3 gxf6 18. a4 Qc6 19. axb5 axb5 20. Bc2
Ne6 21. Bf5 Bd6 22. Ra5 Qd5 23. Bh3 Rg8 24. Kf1 Bc6 25. Ra7 Bc7 26. Be3 Kb8
27. Ra1 Rd8 28. Ne1 Ng5 29. Bg4 Ne4 30. Bf3 f5 31. Qb2 Qc4+ 32. Be2 Qxc3
33. Qa2 Nd2+ 34. Kg1 Nb3 35. Qa7+ Kc8 36. Rb1 Nd4 37. Bxd4 Rxd4 38. Qa6+
Bb7 39. Qxb5 Rb4 40. Qe8+ Bd8 41. Bd3 Rxb1 42. Bxf5+ Kc7 43. Bxb1 Bd5 44.
Qe3 Qxe3 45. fxe3 h6 46. Kf2 Kd6 47. Nf3 c4 48. g4 Kc5 49. h4 c3 50. g5
hxg5 51. hxg5 Kb4 52. g6 fxg6 53. Bxg6 Kb3 54. Nd4+ Kb2 55. Nb5 Bh4+ 56.
Kg1 c2 57. Bxc2 Kxc2 58. Nd4+ Kd3 59. Nf5 Bg5 60. Kf1 Ke4 61. Nd4 Bxe3 62.
Nc2 Bc4+ 63. Ke1 Bg5 64. Nb4 Be7 65. Nc6 Bd6 66. Kd1 Kd3 67. Kc1 Kc3 68.
Kd1 Bd5 69. Na7 Kc4 0-1

[Event "24th European Teams"]
[Site "Budva MNE"]
[Date "2023.11.11"]
[EventDate "2023.11.11"]
[Round "1.16"]
[Result "1-0"]
[White "Vahap Sanal"]
[Black "Blazo Kalezic"]
[WhiteElo "2608"]
[BlackElo "2401"]
[PlyCount "152"]

1. Nf3 d5 2. g3 g6 3. Bg2 Bg7 4. d4 Nf6 5. O-O O-O 6. c3 c6 7. Nbd2 Nbd7 8.
Re1 a5 9. a4 c5 10. b3 b6 11. Bb2 Bb7 12. e3 e6 13. Rc1 Qc7 14. Nb1 Rfd8
15. Na3 Rac8 16. Nb5 Qb8 17. Qe2 Ne4 18. c4 dxc4 19. bxc4 cxd4 20. exd4 Nd6
21. Red1 Nxb5 22. axb5 Qa8 23. Ba3 Nf6 24. c5 Bxf3 25. Bxf3 Nd5 26. cxb6
Rxc1 27. Rxc1 Bxd4 28. Bb2 Bxb2 29. Qxb2 Qb8 30. Bxd5 Rxd5 31. Rc6 Qd8 32.
Kg2 Qa8 33. Qc3 Rd8 34. Qf6 Rd7 35. Kh3 Qb8 36. Qc3 Rd8 37. Qe3 a4 38. Rc7
a3 39. Ra7 Qd6 40. b7 Kg7 41. Rxa3 Rb8 42. Ra7 e5 43. b6 f6 44. Kg2 Qc6+
45. f3 Qc2+ 46. Qf2 Qc6 47. Ra8 Rxb7 48. Ra7 Rxa7 49. bxa7 Qa6 50. g4 g5
51. Qe3 Qa2+ 52. Kg3 Qa1 53. h4 gxh4+ 54. Kxh4 h6 55. f4 Qh1+ 56. Kg3 exf4+
57. Kxf4 Qh2+ 58. Kf3 Qh3+ 59. Kf2 Qh2+ 60. Ke1 Qh1+ 61. Ke2 Qg2+ 62. Kd3
Qb7 63. Qc5 Qf3+ 64. Kc4 Qb7 65. Qa5 Qe4+ 66. Kc5 Qe7+ 67. Kc6 Qe6+ 68. Kb7
Qe4+ 69. Ka6 h5 70. Qb5 Qe6+ 71. Ka5 Qa2+ 72. Kb6 Qe6+ 73. Qc6 Qe3+ 74. Kb7
Qb3+ 75. Kc7 Qg3+ 76. Kd8 1-0

[Event "24th European Teams"]
[Site "Budva MNE"]
[Date "2023.11.12"]
[EventDate "2023.11.11"]
[Round "2.1"]
[Result "1/2-1/2"]
[White "Benjamin Gledura"]
[Black "Rasmus Svane"]
[WhiteElo "2633"]
[BlackElo "2647"]
[PlyCount "82"]

1. c4 Nf6 2. Nf3 e6 3. g3 d5 4. Bg2 Be7 5. d4 O-O 6. Nc3 dxc4 7. Ne5 c5 8.
dxc5 Qxd1+ 9. Nxd1 Bxc5 10. Ne3 c3 11. bxc3 Nc6 12. Nd3 Bb6 13. Nc4 Na5 14.
Nxb6 axb6 15. Be3 b5 16. Bb6 Nc4 17. Bd4 Re8 18. f4 Nd5 19. Kf2 Bd7 20.
Bxd5 exd5 21. Ne5 Nxe5 22. Bxe5 f6 23. Bd4 Kf7 24. Rhd1 h5 25. Rd2 h4 26.
Rg1 hxg3+ 27. hxg3 Rh8 28. g4 Rh2+ 29. Ke1 Rah8 30. f5 R8h3 31. a3 g6 32.
fxg6+ Kxg6 33. Rd3 Rxd3 34. exd3 Ra2 35. Rf1 Ra1+ 36. Kf2 Rxa3 37. Ke3 Ra6
38. Kf4 Ra4 39. Ke3 Ra6 40. Kf4 Ra4 41. Ke3 Ra6 1/2-1/2

[Event "24th European Teams"]
[Site "Budva MNE"]
[Date "2023.11.12"]
[EventDate "2023.11.11"]
[Round "2.1"]
[Result "1/2-1/2"]
[White "Alexander Donchenko"]
[Black "Tamas Banusz"]
[WhiteElo "2664"]
[BlackElo "2609"]
[PlyCount "132"]

1. d4 d5 2. c4 c6 3. Nc3 Nf6 4. e3 g6 5. Nf3 Bg7 6. Be2 O-O 7. O-O Be6 8.
cxd5 cxd5 9. Ne5 Nc6 10. Nxc6 bxc6 11. Bd2 Rb8 12. Na4 Ne4 13. Rc1 Bd7 14.
Bf3 Nxd2 15. Qxd2 e5 16. dxe5 Bxe5 17. b3 Rc8 18. Nc5 Bf5 19. Rfd1 Qe7 20.
b4 Qf6 21. Nb3 h5 22. Nd4 Bd7 23. Be2 Rb8 24. a4 Rfd8 25. g3 h4 26. b5 cxb5
27. axb5 hxg3 28. hxg3 Bxd4 29. Qxd4 Qxd4 30. Rxd4 Bxb5 31. Bxb5 Rxb5 32.
Rc7 a5 33. Rf4 f5 34. Rh4 d4 35. exd4 a4 36. Ra7 Rb4 37. Rhh7 Rd6 38. Rhe7
Kf8 39. d5 Rd4 40. Rf7+ Kg8 41. Rg7+ Kf8 42. Rh7 Kg8 43. Rag7+ Kf8 44. Rf7+
Kg8 45. Rhg7+ Kh8 46. Ra7 R6xd5 47. Rxg6 Rd7 48. Ra5 R7d5 49. Raa6 Kh7 50.
Rge6 Rd7 51. Kg2 Rf7 52. Rh6+ Kg8 53. Ra8+ Kg7 54. Rha6 Rf6 55. R6a7+ Rf7
56. Ra5 Rf6 57. R5a7+ Rf7 58. Rxa4 Rxa4 59. Rxa4 Rf6 60. Kf3 Rb6 61. Ra8
Kf6 62. Rf8+ Kg5 63. Kg2 Rb2 64. Ra8 Rc2 65. Kf1 Rb2 66. Ra4 1/2-1/2

[Event "24th European Teams"]
[Site "Budva MNE"]
[Date "2023.11.12"]
[EventDate "2023.11.11"]
[Round "2.1"]
[Result "1/2-1/2"]
[White "Imre Balog"]
[Black "Dmitrij Kollars"]
[WhiteElo "2617"]
[BlackElo "2642"]
[PlyCount "124"]

1. d4 d5 2. c4 e6 3. Nf3 Nf6 4. Nc3 Bb4 5. cxd5 exd5 6. Bg5 h6 7. Bh4 O-O
8. e3 Bf5 9. Qb3 Bxc3+ 10. bxc3 Nbd7 11. Be2 c5 12. dxc5 Nxc5 13. Qb4 Rc8
14. O-O g5 15. Bg3 Nfe4 16. Be5 Re8 17. Bd4 Qe7 18. Rac1 Ne6 19. Qb2 b6 20.
Rfd1 Nxd4 21. Nxd4 Bd7 22. Ba6 Rc7 23. c4 dxc4 24. Rxc4 Rxc4 25. Bxc4 Rc8
26. Bd3 Nc5 27. Bf5 Rc7 28. Bb1 Qf6 29. Qd2 Be6 30. h3 Rd7 31. Qc2 Qg7 32.
Rf1 Bd5 33. Qe2 Be4 34. Bxe4 Nxe4 35. Qg4 Nf6 36. Qf3 Qg6 37. Rc1 Ne4 38.
Nf5 Nc5 39. h4 h5 40. hxg5 Qxg5 41. Rc4 Ne6 42. Ng3 Qd5 43. Rc8+ Kh7 44.
Qf6 Ng7 45. Rc6 Ne6 46. Rc1 Ng7 47. Qf4 Re7 48. Rc8 Qd1+ 49. Kh2 Qg4 50.
Qb8 Rd7 51. Rh8+ Kg6 52. Qg8 Qh4+ 53. Kg1 Rd1+ 54. Nf1 Qc4 55. Qh7+ Kf6 56.
Qh6+ Ke7 57. Qg5+ Ke6 58. Kh2 Rxf1 59. f4 Qc3 60. Rh6+ f6 61. Qxg7 Rh1+ 62.
Kxh1 Qe1+ 1/2-1/2

[Event "24th European Teams"]
[Site "Budva MNE"]
[Date "2023.11.12"]
[EventDate "2023.11.11"]
[Round "2.2"]
[Result "1/2-1/2"]
[White "Llambi Pasko"]
[Black "Denis Kadric"]
[WhiteElo "2395"]
[BlackElo "2584"]
[PlyCount "76"]

1. d4 Nf6 2. c4 d6 3. Nc3 g6 4. e4 Bg7 5. Nf3 O-O 6. Be2 Nbd7 7. O-O e5 8.
d5 Nc5 9. Qc2 a5 10. Bg5 h6 11. Be3 b6 12. Nd2 h5 13. f3 Nh7 14. b3 Bf6 15.
Nb5 Bd7 16. a3 Bg5 17. Qc3 Bxb5 18. cxb5 h4 19. Rfc1 f5 20. exf5 gxf5 21.
b4 Nd7 22. Nf1 axb4 23. axb4 Rxa1 24. Rxa1 h3 25. Bxg5 Nxg5 26. g3 f4 27.
Ra7 e4 28. fxe4 Qe7 29. gxf4 Rxf4 30. Ng3 Nxe4 31. Qe3 Qg5 32. Ra8+ Nf8 33.
Ra3 Ng6 34. Bf1 Qg4 35. Be2 Qg5 36. Bf1 Qg4 37. Be2 Qg5 38. Bf1 1/2-1/2

[Event "24th European Teams"]
[Site "Budva MNE"]
[Date "2023.11.12"]
[EventDate "2023.11.11"]
[Round "2.3"]
[Result "1/2-1/2"]
[White "Valentin Dragnev"]
[Black "Magnus Carlsen"]
[WhiteElo "2589"]
[BlackElo "2829"]
[PlyCount "132"]

1. e4 c5 2. Nf3 Nc6 3. Bb5 e6 4. O-O Nge7 5. Re1 Nd4 6. Nxd4 cxd4 7. c3 a6
8. Bf1 Nc6 9. b4 Be7 10. a4 O-O 11. Na3 dxc3 12. dxc3 Bf6 13. Bb2 d6 14.
Qb3 Qc7 15. Rad1 Rd8 16. Nc4 b6 17. Ne3 Bb7 18. Ng4 Bg5 19. c4 h5 20. Qc3
f6 21. h4 Bxh4 22. Qh3 hxg4 23. Qxh4 Nxb4 24. Re3 e5 25. Qxg4 Bc8 26. Qh4
Be6 27. Rg3 Rf8 28. Bc1 Ra7 29. Be2 Qd8 30. Rg6 Rd7 31. Kh2 Rff7 32. Rh1
Kf8 33. Kg1 Ke7 34. Qg3 Qg8 35. Be3 Rb7 36. f4 exf4 37. Bxf4 Rd7 38. Rh5
Nc6 39. Qh4 Rd8 40. Qf2 Rb8 41. a5 Nxa5 42. Qd4 Qd8 43. Rh7 Nc6 44. Qd2 Qc7
45. Rgxg7 Rf8 46. Bh5 Nd8 47. Bxf7 Rxf7 48. Be3 Rxg7 49. Rxg7+ Nf7 50. Qb4
Qxc4 51. Qxb6 Qxe4 52. Rg8 Bd7 53. Bf2 Qd3 54. Rg3 Qd1+ 55. Kh2 Qh5+ 56.
Kg1 Qb5 57. Qe3+ Ne5 58. Rg7+ Ke6 59. Qh3+ Kd5 60. Qh7 f5 61. Bg3 Ng4 62.
Qg8+ Be6 63. Qa8+ Kd4 64. Qa7+ Kd3 65. Rb7 Qc5+ 66. Qxc5 1/2-1/2

[Event "24th European Teams"]
[Site "Budva MNE"]
[Date "2023.11.12"]
[EventDate "2023.11.11"]
[Round "2.3"]
[Result "1/2-1/2"]
[White "Aryan Tari"]
[Black "Markus Ragger"]
[WhiteElo "2620"]
[BlackElo "2615"]
[PlyCount "80"]

1. e4 e5 2. Nf3 Nf6 3. Nxe5 d6 4. Nf3 Nxe4 5. d3 Nf6 6. d4 g6 7. Bb5+ c6 8.
Bd3 Bg7 9. O-O O-O 10. h3 c5 11. Nc3 Nc6 12. Be3 b6 13. Qd2 Bb7 14. Be2 Ne7
15. Bg5 Nf5 16. dxc5 dxc5 17. Rad1 Qxd2 18. Rxd2 Rfe8 19. Bb5 Red8 20. Rfd1
Rxd2 21. Nxd2 Nd4 22. Bd3 Ne6 23. Be3 Rd8 24. Be2 Nd4 25. Bxd4 cxd4 26. Nb3
Nd5 27. Nb5 Nf4 28. Bf1 Rd5 29. Re1 d3 30. Re8+ Bf8 31. Nc3 d2 32. Nd1 Kg7
33. Re3 a5 34. g3 a4 35. gxf4 axb3 36. Rxb3 Rd4 37. Bg2 Ba6 38. Bf1 Bb7 39.
Bg2 Ba6 40. Bf1 1/2-1/2

[Event "24th European Teams"]
[Site "Budva MNE"]
[Date "2023.11.12"]
[EventDate "2023.11.11"]
[Round "2.3"]
[Result "1/2-1/2"]
[White "Dominik Horvath"]
[Black "Elham Amar"]
[WhiteElo "2549"]
[BlackElo "2584"]
[PlyCount "72"]

1. e4 c6 2. d4 d5 3. exd5 cxd5 4. c4 Nf6 5. Nc3 Nc6 6. Bg5 dxc4 7. d5 Ne5
8. Nf3 Qd6 9. Bxc4 Nxc4 10. Qa4+ Bd7 11. Qxc4 Rc8 12. Qb3 Qa6 13. Ne5 h6
14. Nxd7 Nxd7 15. Be3 Nc5 16. Bxc5 Rxc5 17. O-O-O g6 18. Rhe1 Kd7 19. Re4
Bg7 20. Ra4 Ra5 21. Rxa5 Qxa5 22. Qxb7+ Qc7 23. Qb5+ Kd6 24. Qa6+ Qb6 25.
Qa3+ Qc5 26. Qa6+ Qb6 27. Qc4 Rb8 28. Rd2 Kd7 29. d6 Bxc3 30. Qxc3 exd6 31.
Qh3+ Ke7 32. Qxh6 Qc6+ 33. Kb1 Qxg2 34. Qh4+ g5 35. Re2+ Kd8 36. Qe4
1/2-1/2

[Event "24th European Teams"]
[Site "Budva MNE"]
[Date "2023.11.12"]
[EventDate "2023.11.11"]
[Round "2.4"]
[Result "0-1"]
[White "David Navara"]
[Black "Nikita Vitiugov"]
[WhiteElo "2695"]
[BlackElo "2712"]
[PlyCount "116"]

1. e4 c5 2. Nf3 d6 3. d4 cxd4 4. Nxd4 Nf6 5. Nc3 a6 6. Bd3 g6 7. f3 Bg7 8.
Be3 Nbd7 9. Qd2 b5 10. a4 b4 11. Na2 d5 12. Nxb4 dxe4 13. fxe4 Bb7 14. O-O
Ne5 15. Rad1 O-O 16. Kh1 Nxe4 17. Bxe4 Bxe4 18. Bh6 Nc4 19. Qe2 Bxh6 20.
Ndc6 Qe8 21. Qxe4 Ne3 22. Nd5 Nxd1 23. Rxd1 f5 24. Ndxe7+ Kh8 25. Qh4 Bg7
26. Rd6 h6 27. Rxg6 Kh7 28. h3 Rf7 29. Rd6 Qf8 30. Qg3 Rxe7 31. Qg6+ Kh8
32. Nxe7 Qxe7 33. Re6 Qg5 34. Qxg5 hxg5 35. Rg6 Rc8 36. Rxg5 Bxb2 37. Rxf5
Rxc2 38. Ra5 Rc6 39. g4 Bc3 40. Rd5 Rc4 41. a5 Ra4 42. Rd8+ Kg7 43. Rd7+
Kf8 44. Ra7 Rxa5 45. h4 Ra4 46. Kh2 a5 47. Kh3 Ra3 48. Ra8+ Kf7 49. Kg2 Kf6
50. Rf8+ Ke5 51. g5 Ke4 52. g6 Be5 53. h5 Rg3+ 54. Kf1 Bd4 55. Ke2 Rg2+ 56.
Kf1 Rg5 57. h6 Rxg6 58. h7 Rf6+ 0-1

[Event "24th European Teams"]
[Site "Budva MNE"]
[Date "2023.11.12"]
[EventDate "2023.11.11"]
[Round "2.4"]
[Result "1/2-1/2"]
[White "Michael Adams"]
[Black "Thai Dai Van Nguyen"]
[WhiteElo "2670"]
[BlackElo "2624"]
[PlyCount "62"]

1. e4 e5 2. Nf3 Nc6 3. Bb5 Nf6 4. O-O Nxe4 5. Re1 Nd6 6. Nxe5 Be7 7. Bf1
Nxe5 8. Rxe5 O-O 9. d4 Bf6 10. Re2 b6 11. Re1 Bb7 12. Bf4 Ne4 13. Nd2 Re8
14. Bd3 Nxd2 15. Qxd2 d6 16. Bb5 c6 17. Rxe8+ Qxe8 18. Re1 Qd7 19. Bf1 h6
20. h3 Rd8 21. Re3 c5 22. Rg3 Bxd4 23. c3 Bf6 24. Bxh6 Be4 25. Bg5 Qf5 26.
Bd3 d5 27. Bxf6 Qxf6 28. Re3 Qg5 29. f3 d4 30. cxd4 cxd4 31. Re2 Qxd2
1/2-1/2

[Event "24th European Teams"]
[Site "Budva MNE"]
[Date "2023.11.12"]
[EventDate "2023.11.11"]
[Round "2.4"]
[Result "1-0"]
[White "Stepan Zilka"]
[Black "Luke J Mcshane"]
[WhiteElo "2609"]
[BlackElo "2626"]
[PlyCount "104"]

1. e4 e5 2. Nf3 Nc6 3. Bb5 a6 4. Ba4 Nf6 5. O-O d6 6. Re1 Bd7 7. c3 g6 8.
d4 Bg7 9. d5 Ne7 10. Bxd7+ Nxd7 11. c4 h6 12. Nc3 f5 13. exf5 gxf5 14. Nh4
O-O 15. Re3 Qe8 16. Rg3 f4 17. Rh3 Nf6 18. g3 Qd7 19. Kg2 Ng4 20. Ne4 Nf5
21. Nxf5 Qxf5 22. f3 Nf6 23. Qd3 b5 24. g4 Qd7 25. Bd2 Nxe4 26. Qxe4 bxc4
27. Bc3 Rac8 28. Rd1 Qa4 29. Rg1 Qd7 30. Rh5 c6 31. Rd1 c5 32. Kh1 Rf6 33.
Rg1 Qf7 34. Qxc4 Qg6 35. Qxa6 Rcf8 36. Re1 R6f7 37. Re4 Kh7 38. a4 Rd7 39.
a5 Bf6 40. Qc6 Rff7 41. a6 Bg5 42. Be1 Bd8 43. Rf5 Rfe7 44. h4 Qg7 45. h5
Rf7 46. Rxf7 Qxf7 47. b4 Rc7 48. Qxd6 c4 49. Qxd8 c3 50. d6 Rc4 51. Rxc4
Qxc4 52. Qc7+ 1-0

[Event "24th European Teams"]
[Site "Budva MNE"]
[Date "2023.11.12"]
[EventDate "2023.11.11"]
[Round "2.5"]
[Result "0-1"]
[White "Haik M Martirosyan"]
[Black "Ivan Saric"]
[WhiteElo "2708"]
[BlackElo "2659"]
[PlyCount "72"]

1. d4 Nf6 2. c4 e6 3. Nf3 d5 4. Nc3 Nbd7 5. cxd5 exd5 6. Qc2 c6 7. Bg5 h6
8. Bh4 g5 9. Bg3 Nh5 10. O-O-O Nxg3 11. hxg3 g4 12. Nd2 Bg7 13. e3 Qf6 14.
f4 O-O 15. Bd3 b5 16. Kb1 Nb6 17. e4 Qxd4 18. e5 Na4 19. Nxa4 bxa4 20. Nf3
Qb6 21. Bh7+ Kh8 22. Ng5 Rb8 23. Rd2 f6 24. exf6 Rxf6 25. Re2 Rf8 26. Bg6
a3 27. b3 Qd4 28. Re5 Rb7 29. Bd3 a5 30. Kc1 Qa1+ 31. Qb1 Bxe5 32. Rxh6+
Kg8 33. fxe5 Qc3+ 34. Kd1 Rf2 35. Rg6+ Rg7 36. Be2 Bf5 0-1

[Event "24th European Teams"]
[Site "Budva MNE"]
[Date "2023.11.12"]
[EventDate "2023.11.11"]
[Round "2.5"]
[Result "1/2-1/2"]
[White "Ante Brkic"]
[Black "Gabriel Sargissian"]
[WhiteElo "2622"]
[BlackElo "2686"]
[PlyCount "80"]

1. e4 e5 2. Nf3 Nc6 3. Bb5 a6 4. Ba4 Nf6 5. O-O Be7 6. d3 b5 7. Bb3 d6 8.
c3 O-O 9. h3 Bb7 10. a4 Na5 11. Ba2 c5 12. Bg5 b4 13. Bxf6 Bxf6 14. Nbd2
Rb8 15. Nc4 Bc8 16. Nxa5 Qxa5 17. Nd2 Qc7 18. Nc4 Bd8 19. Ne3 Qe7 20. Bc4
Qg5 21. Kh1 a5 22. Bd5 g6 23. Nc4 Bc7 24. Qc1 Qxc1 25. Raxc1 Bd7 26. b3
bxc3 27. Rxc3 Kg7 28. Ne3 f5 29. f3 f4 30. Nc4 g5 31. Kg1 h5 32. Kf2 Rh8
33. Na3 Rbe8 34. Nb5 Bb8 35. Rcc1 Kf6 36. Rh1 Re7 37. Rh2 Rg7 38. Ke2 Ke7
39. Bc4 Rh6 40. Nc3 Kd8 1/2-1/2

[Event "24th European Teams"]
[Site "Budva MNE"]
[Date "2023.11.12"]
[EventDate "2023.11.11"]
[Round "2.5"]
[Result "1-0"]
[White "Hrant Melkumyan"]
[Black "Sasa Martinovic"]
[WhiteElo "2650"]
[BlackElo "2542"]
[PlyCount "88"]

1. d4 d5 2. Bf4 e6 3. e3 Nf6 4. Nd2 Bd6 5. Ngf3 Bxf4 6. exf4 Qd6 7. g3 b6
8. Bd3 Ba6 9. Bxa6 Nxa6 10. O-O O-O 11. Qe2 b5 12. Ne5 Rab8 13. Ndf3 c5 14.
Rfd1 c4 15. a3 Nc7 16. b4 Ne4 17. Qe1 f6 18. Ng4 h5 19. Ne3 g5 20. Ng2 h4
21. fxg5 h3 22. gxf6 hxg2 23. Ne5 Rxf6 24. f3 Ng5 25. Qe3 Nf7 26. a4 Rf5
27. Ng4 Kg7 28. axb5 Nxb5 29. f4 c3 30. Ra5 Rb6 31. Rb1 Qc6 32. Qf2 a6 33.
Kxg2 Nbd6 34. Ne3 Rf6 35. Qe2 Ne4 36. Rba1 Rxb4 37. Rxa6 Qb5 38. Qd1 Rxd4
39. Qxd4 Qe2+ 40. Kg1 Qf2+ 41. Kh1 Kh7 42. Qd3 Ne5 43. Ra7+ Kh6 44. Qf1 1-0

[Event "24th European Teams"]
[Site "Budva MNE"]
[Date "2023.11.12"]
[EventDate "2023.11.11"]
[Round "2.5"]
[Result "1/2-1/2"]
[White "Leon Livaic"]
[Black "Shant Sargsyan"]
[WhiteElo "2553"]
[BlackElo "2625"]
[PlyCount "64"]

1. e4 e5 2. Nf3 Nc6 3. Bb5 a6 4. Ba4 Nf6 5. d3 b5 6. Bb3 Bc5 7. Nc3 h6 8.
Nd5 d6 9. c3 Be6 10. Nxf6+ Qxf6 11. O-O Ne7 12. Be3 Bxb3 13. axb3 Bxe3 14.
fxe3 O-O 15. b4 Qe6 16. Nd2 c5 17. bxc5 dxc5 18. Qe2 Rfd8 19. Nf3 Ng6 20.
Rfd1 a5 21. d4 c4 22. dxe5 Nxe5 23. Nxe5 Qxe5 24. Rxa5 Rxd1+ 25. Qxd1 Rxa5
26. Qd8+ Kh7 27. Qxa5 Qxe4 28. Qxb5 Qxe3+ 29. Kf1 Qf4+ 30. Kg1 f5 31. h3
Qe3+ 32. Kh2 Qf4+ 1/2-1/2

[Event "24th European Teams"]
[Site "Budva MNE"]
[Date "2023.11.12"]
[EventDate "2023.11.11"]
[Round "2.6"]
[Result "1/2-1/2"]
[White "Maxim Rodshtein"]
[Black "Anton Guijarro, David"]
[WhiteElo "2582"]
[BlackElo "2668"]
[PlyCount "90"]

1. Nf3 d5 2. g3 Nd7 3. d4 Nb6 4. Nbd2 Bf5 5. Nh4 Bg4 6. h3 Bh5 7. Ng2 f6 8.
Nf4 Bf7 9. Nd3 Qd6 10. Nf3 g5 11. h4 g4 12. Bf4 Qc6 13. Nh2 h5 14. Bg2 Bh6
15. Qd2 Nc4 16. Qc3 Qb6 17. b3 Nd6 18. a4 Ne4 19. Bxe4 dxe4 20. a5 Qb5 21.
Nb2 Bxf4 22. gxf4 e3 23. fxe3 Bd5 24. Rg1 Nh6 25. Nf1 Nf5 26. Ng3 Nxg3 27.
Rxg3 Be4 28. Nd3 Qf5 29. Qc5 Bxd3 30. exd3 Qxc5 31. dxc5 e5 32. f5 Kd7 33.
Ke2 b6 34. axb6 axb6 35. Rxa8 Rxa8 36. cxb6 cxb6 37. Rg1 b5 38. e4 b4 39.
Ke3 Kd6 40. Rd1 Rc8 41. Rd2 Rc7 42. Rg2 Rc8 43. Rd2 Rc7 44. Rg2 Rc8 45. Rd2
1/2-1/2

[Event "24th European Teams"]
[Site "Budva MNE"]
[Date "2023.11.12"]
[EventDate "2023.11.11"]
[Round "2.6"]
[Result "1/2-1/2"]
[White "Santos Latasa, Jaime"]
[Black "Tamir Nabaty"]
[WhiteElo "2635"]
[BlackElo "2632"]
[PlyCount "64"]

1. e4 e5 2. Nf3 Nc6 3. Bb5 Nf6 4. O-O Nxe4 5. Re1 Nd6 6. Nxe5 Be7 7. Bf1
Nxe5 8. Rxe5 O-O 9. d4 Ne8 10. Bd3 Bf6 11. Re1 d5 12. c3 b6 13. Bf4 c5 14.
Be5 Be6 15. Nd2 Bxe5 16. dxe5 f6 17. f4 g6 18. Nf3 Ng7 19. Qd2 Kh8 20. Rf1
fxe5 21. fxe5 Kg8 22. Ng5 Qe7 23. Bc2 Rad8 24. Rxf8+ Rxf8 25. Nxe6 Qxe6 26.
Rd1 Rd8 27. Qg5 Re8 28. Ba4 Qxe5 29. Qxe5 Rxe5 30. Rxd5 Rxd5 31. Bb3 Kf7
32. Bxd5+ Kf6 1/2-1/2

[Event "24th European Teams"]
[Site "Budva MNE"]
[Date "2023.11.12"]
[EventDate "2023.11.11"]
[Round "2.6"]
[Result "1/2-1/2"]
[White "Ilia Smirin"]
[Black "Alexei Shirov"]
[WhiteElo "2578"]
[BlackElo "2668"]
[PlyCount "62"]

1. e4 e5 2. Nf3 Nc6 3. Bb5 a6 4. Ba4 Nf6 5. O-O Nxe4 6. d4 b5 7. Bb3 d5 8.
dxe5 Be6 9. Nbd2 Nc5 10. c3 d4 11. Bxe6 Nxe6 12. cxd4 Ncxd4 13. a4 Be7 14.
Nxd4 Nxd4 15. Ne4 O-O 16. axb5 Nxb5 17. Be3 Qxd1 18. Rfxd1 f5 19. exf6 Bxf6
20. Ra2 Nd6 21. Nxf6+ Rxf6 22. Ra4 Nb5 23. h3 Re8 24. Rd7 Ree6 25. Bc5 h6
26. Rg4 Rf7 27. Rd8+ Kh7 28. Ra8 Rf5 29. Be3 Rff6 30. Kh2 Rc6 31. Ra4
1/2-1/2

[Event "24th European Teams"]
[Site "Budva MNE"]
[Date "2023.11.12"]
[EventDate "2023.11.11"]
[Round "2.6"]
[Result "0-1"]
[White "Iturrizaga Bonelli, Eduardo"]
[Black "Evgeny Postny"]
[WhiteElo "2621"]
[BlackElo "2577"]
[PlyCount "148"]

1. c4 e6 2. Nc3 d5 3. cxd5 exd5 4. d4 c6 5. Bf4 Bd6 6. Bg3 Ne7 7. e3 Nf5 8.
Bd3 Nxg3 9. hxg3 Nd7 10. Qc2 Nf6 11. O-O-O Qe7 12. Nf3 Be6 13. Ng5 Bg4 14.
Rde1 O-O-O 15. e4 dxe4 16. Ngxe4 Kb8 17. Nc5 Qc7 18. Nb3 g6 19. Kb1 Rhe8
20. a3 Be6 21. Ne4 Nxe4 22. Bxe4 h5 23. Re3 f5 24. Bf3 Qf7 25. Nc5 Ba2+ 26.
Ka1 Rxe3 27. fxe3 Bxc5 28. Qxc5 Bd5 29. Re1 Qc7 30. Bxd5 Qxg3 31. Rc1 cxd5
32. Qe7 Qd6 33. Qf7 Rf8 34. Qg7 Re8 35. Rc5 a6 36. Qf7 Qe6 37. Qc7+ Ka7 38.
Rc3 Re7 39. Qd8 Re8 40. Qc7 Qe7 41. Qg3 g5 42. Qf3 Qf7 43. Qg3 g4 44. Qd6
Qe6 45. Qc7 Qe7 46. Qf4 Qe4 47. Qh2 h4 48. Qxh4 Qxg2 49. Ka2 Qh3 50. Qf6
Qh7 51. Qd6 Qf7 52. Rc5 Qe6 53. Qxd5 Qxd5+ 54. Rxd5 Rf8 55. Rc5 Kb6 56. a4
a5 57. Rc1 f4 58. exf4 Rxf4 59. Rc5 Rxd4 60. Rb5+ Kc6 61. Rxa5 Rd5 62. Ra8
Rg5 63. Rc8+ Kd5 64. b4 Kd4 65. Kb3 g3 66. Rd8+ Ke3 67. Re8+ Kf3 68. Rf8+
Kg4 69. Rf1 g2 70. Rg1 Kf3 71. b5 Rg4 72. a5 Kf2 73. Ra1 g1=Q 74. Rxg1 Kxg1
0-1

[Event "24th European Teams"]
[Site "Budva MNE"]
[Date "2023.11.12"]
[EventDate "2023.11.11"]
[Round "2.7"]
[Result "1/2-1/2"]
[White "Emre Can"]
[Black "Jules Moussard"]
[WhiteElo "2566"]
[BlackElo "2639"]
[PlyCount "76"]

1. d4 Nf6 2. c4 e6 3. Nf3 b6 4. g3 Ba6 5. b3 Bb4+ 6. Bd2 Be7 7. Nc3 d5 8.
cxd5 exd5 9. Bg2 O-O 10. O-O Re8 11. Ne5 Bb7 12. Qc2 c5 13. dxc5 bxc5 14.
Rad1 Qc8 15. Rfe1 Na6 16. Nd3 d4 17. Bxb7 Qxb7 18. Na4 Ne4 19. f3 Nxd2 20.
Qxd2 Qb5 21. Qc1 Bd8 22. e4 dxe3 23. Rxe3 Bf6 24. Rxe8+ Rxe8 25. Re1 Rd8
26. Ne5 h5 27. Qc4 Qxc4 28. Nxc4 Nb4 29. Kf1 Bd4 30. Re2 Kf8 31. Rd2 Re8
32. a3 Nc6 33. Rc2 Rb8 34. Nd2 Na5 35. Nxc5 Bxc5 36. Rxc5 Nxb3 37. Nxb3
Rxb3 38. Rc8+ 1/2-1/2

[Event "24th European Teams"]
[Site "Budva MNE"]
[Date "2023.11.12"]
[EventDate "2023.11.11"]
[Round "2.7"]
[Result "1/2-1/2"]
[White "Laurent Fressinet"]
[Black "Ali Marandi, Cemil Can"]
[WhiteElo "2640"]
[BlackElo "2544"]
[PlyCount "68"]

1. e4 e5 2. Nf3 Nc6 3. Bb5 a6 4. Ba4 Nf6 5. d3 d6 6. c4 g6 7. h3 Bg7 8. Nc3
O-O 9. O-O Nh5 10. Bg5 f6 11. Be3 f5 12. exf5 gxf5 13. Bxc6 bxc6 14. Nxe5
Bxe5 15. Qxh5 f4 16. Bd2 Rb8 17. Rab1 f3 18. Rfe1 fxg2 19. Bh6 Rf7 20. Ne4
Bf5 21. Ng5 Rf6 22. Nf3 Bg6 23. Qg4 Qc8 24. Nxe5 dxe5 25. Qxg2 Qf5 26. Re3
Qh5 27. Bg5 Rf5 28. Rg3 Rbf8 29. Be3 Rf3 30. Rg5 Qxh3 31. Qxh3 Rxh3 32.
Rxe5 Bxd3 33. Rd1 Bf5 34. Rd4 1/2-1/2

[Event "24th European Teams"]
[Site "Budva MNE"]
[Date "2023.11.12"]
[EventDate "2023.11.11"]
[Round "2.7"]
[Result "0-1"]
[White "Mert Yilmazyerli"]
[Black "Maxime Lagarde"]
[WhiteElo "2533"]
[BlackElo "2629"]
[PlyCount "92"]

1. Nf3 c5 2. c4 Nf6 3. g3 d5 4. cxd5 Nxd5 5. Bg2 Nc6 6. d4 cxd4 7. Nxd4
Ndb4 8. Nxc6 Qxd1+ 9. Kxd1 Nxc6 10. Nc3 Bf5 11. Bd2 e5 12. Rc1 Rc8 13. Ke1
h5 14. f4 exf4 15. gxf4 Be7 16. h4 O-O 17. Nd5 Bd6 18. Kf2 Rfe8 19. Be3 Re6
20. Bf3 Bg4 21. Rhg1 f5 22. Rgd1 Rce8 23. Rd2 Kh8 24. Bc5 Bxf3 25. Kxf3
Bxc5 26. Rxc5 Rxe2 27. Rxe2 Nd4+ 28. Kg3 Rxe2 29. Rc4 Nc6 30. b4 a6 31. a4
Rb2 32. Rc5 Rb3+ 33. Kg2 Nxb4 34. Ne7 Re3 35. Rc7 Re4 36. Rxb7 Nd3 37. a5
Nxf4+ 38. Kf3 Ne6 39. Ra7 Kh7 40. Kg3 f4+ 41. Kf2 Nd4 42. Nd5 Re2+ 43. Kf1
f3 44. Rf7 Re5 45. Nb4 Nf5 46. Nxa6 Kg8 0-1

[Event "24th European Teams"]
[Site "Budva MNE"]
[Date "2023.11.12"]
[EventDate "2023.11.11"]
[Round "2.8"]
[Result "1-0"]
[White "Van Foreest, Jorden"]
[Black "Nikolas Theodorou"]
[WhiteElo "2700"]
[BlackElo "2619"]
[PlyCount "98"]

1. e4 e6 2. d4 d5 3. Nc3 Bb4 4. e5 c5 5. a3 Bxc3+ 6. bxc3 Ne7 7. Qg4 cxd4
8. Qxg7 Rg8 9. Qxh7 Qc7 10. Qd3 dxc3 11. Ne2 Nbc6 12. Qxc3 Bd7 13. f4 Nf5
14. Ng3 d4 15. Qc5 b6 16. Qc4 Nxg3 17. hxg3 O-O-O 18. Kf2 Rdf8 19. Rh6 Ne7
20. Qxc7+ Kxc7 21. a4 Nf5 22. Rh3 f6 23. a5 b5 24. Ba3 Rf7 25. exf6 Rxf6
26. Bd3 Rf7 27. Re1 Ne3 28. Rh7 Rxh7 29. Bxh7 Rg7 30. Bd3 Ng4+ 31. Kg1 Ne3
32. Bc1 Nf5 33. Kf2 Nxg3 34. Bb2 Nf5 35. Rg1 Rg4 36. g3 Kb7 37. Be2 Rg8 38.
g4 Ne3 39. Bxd4 Nxc2 40. Be5 Nb4 41. g5 Be8 42. Rb1 Nd5 43. Bxb5 Bxb5 44.
Rxb5+ Kc6 45. Rb8 Rxb8 46. Bxb8 Kb7 47. Be5 Ka6 48. Kf3 Kxa5 49. Bf6 1-0